Way of the sign III (Record no. 9567)

000 -LEADER
fixed length control field 00259nam a22001217a 4500
003 - CONTROL NUMBER IDENTIFIER
control field OSt
005 - DATE AND TIME OF LATEST TRANSACTION
control field 20210705103656.0
008 - FIXED-LENGTH DATA ELEMENTS--GENERAL INFORMATION
fixed length control field 210705b ||||| |||| 00| 0 eng d
020 ## - INTERNATIONAL STANDARD BOOK NUMBER
International Standard Book Number 9789881668851
082 ## - DEWEY DECIMAL CLASSIFICATION NUMBER
Classification number 741.6
245 ## - TITLE STATEMENT
Title Way of the sign III
942 ## - ADDED ENTRY ELEMENTS (KOHA)
Source of classification or shelving scheme
Holdings
Withdrawn status Lost status Source of classification or shelving scheme Damaged status Koha normalized classification for sorting Not for loan Permanent location Current location Date acquired Full call number Barcode Date last seen Price effective from Koha item type
        741_600000000000000   BMS College of Architecture, Design and Planning BMS College of Architecture, Design and Planning 2021-07-05 741.6 AR-PG449 2021-07-05 2021-07-05 PG Books
Copyright © 2025, The Librarian, Library and Information Centre, BMSCA D&P, Bengaluru. All Rights Reserved
web counter

Powered by Koha